| 000 | 00553nam a22001577a 4500 | ||
|---|---|---|---|
| 082 |
_a621.31 _bMAR |
||
| 100 |
_aMaryam, Rida (400544) _9132361 |
||
| 245 | _aAn integrated evaluation framework for evaluating renewablebased building sector implementation in remote/off grid areas with varying climatic zones / | ||
| 264 |
_aIslamabad : _bUSPCAS-E, NUST _cMarch, 2025 |
||
| 300 |
_axvi, 116 p. _e+CD |
||
| 520 | _aTH-629 | ||
| 650 | _aMS EEP Thesis | ||
| 650 |
_aMS Thesis _918721 |
||
| 700 | _aSupervisor: Dr. Syed Ali Abbas Kazmi | ||
| 942 |
_2ddc _cTHE |
||
| 999 |
_c615571 _d615571 |
||